000 00398nam a22001457a 4500
005 20250923082318.0
008 250923b |||||||| |||| 00| 0 eng d
020 _a9788174760999
050 _aPR2825
_b.A1 BHA
100 _aSHAKESPEARE WILLIAM
245 _aTHE MERCHANT OF VENICE
260 _aNEW DELHI
_bUBS PUBLISHERS' DISTRIBUTORS PVT, LTD
_cc2010
300 _aviii, 315p
942 _2lcc
_cBK
_n0
999 _c7624
_d7624